movie settings - cities - Statistics

General Stats
  • This quiz has been taken 32 times
  • The average score is 12 of 15
Answer Stats
movie year city % Correct
Ratatouille 2007 Paris
100%
Ferris Bueller's Day Off 1986 Chicago
97%
Love Actually 2003 London
97%
Gladiator 2000 Rome
97%
Rebel Without a Cause 1955 Los Angeles
93%
Parasite 2019 Seoul
93%
Lost in Translation 2003 Tokyo
90%
Good Will Hunting 1997 Boston
79%
Dog Day Afternoon 1975 New York
79%
Cabaret 1972 Berlin
76%
A Streetcar Named Desire 1951 New Orleans
66%
Trainspotting 1996 Edinburgh
62%
A Few Good Men 1992 Washington, D.C.
59%
District 9 2009 Johannesburg
52%
What We Do in the Shadows 2014 Wellington
21%
No matching quizzes found
Score Distribution
Percent of People with Each Score
Percentile by Number Answered
Your Score History
You have not taken this quiz